000 00689nam a2200229 a 4500
999 _c10847
_d10847
001 10847
003 BD-JhCC
005 20190629094027.0
008 190522b19872013bg |||| ||a| 000 0 ben d
020 _a9789848857601
035 _a(BD-JhCC)10847
040 _aBD-JhCC
_dBD-JhCC
041 _aben
082 _a891.4415
_bSYE 2013
100 _aসৈয়দ, আবদুল মান্নান
245 _aশ্রেষ্ঠ কবিতা /
_cআবদুল মান্নান সৈয়দ ।
260 _aঢাকা,
_bমুক্তধারা;
_c2013.
300 _a184 p. :
_c22 cm.
650 _aBengali poetry
942 _2ddc
_cBK